Central Library OPAC University of Rajshahi

The orchestra in the XVIIIth century / (Record no. 76935)

MARC details
000 -LEADER
fixed length control field 00822cam a2200265u 4500
001 - CONTROL NUMBER
control field 76935
003 - CONTROL NUMBER IDENTIFIER
rucl marc code BD-RjUL
005 - DATE AND TIME OF LATEST TRANSACTION
control field 20211209082916.0
008 - FIXED-LENGTH DATA ELEMENTS--GENERAL INFORMATION
fixed length control field 200206s1950 enka 000 0 eng
035 ## - SYSTEM CONTROL NUMBER
System control number (BD-RjUL)77159)
040 ## - CATALOGING SOURCE
Original cataloging agency DLC
Transcribing agency CarP
Modifying agency DLC
Language of cataloging eng
041 ## - LANGUAGE CODE
Language code of text/sound track or separate title eng
082 ## - DEWEY DECIMAL CLASSIFICATION NUMBER
Edition number 19
Classification number 784.2
Author mark and year CAO 1950
100 1# - MAIN ENTRY--PERSONAL NAME
Personal name Carse, Adam von Ahn,
Dates associated with a name 1878-1958.
9 (RLIN) 238975
245 14 - TITLE STATEMENT
Title The orchestra in the XVIIIth century /
Statement of responsibility, etc. Adam Carse
260 ## - PUBLICATION, DISTRIBUTION, ETC. (IMPRINT)
Place of publication, distribution, etc. Cambridge [Eng.]:
Name of publisher, distributor, etc. W. Heffer ,
Date of publication, distribution, etc. [1950]
300 ## - PHYSICAL DESCRIPTION
Pagination 176 p. :
Illustrations illus.,
Size 23 cm.
504 ## - BIBLIOGRAPHY, ETC. NOTE
Bibliography, etc Includes Index
650 #0 - SUBJECT ADDED ENTRY--TOPICAL TERM
Topical term or geographic name as entry element Orchestra
Chronological subdivision 18th century.
9 (RLIN) 51253
Topical term or geographic name as entry element Orchestral music
Chronological subdivision 18th century
General subdivision History and criticism.
9 (RLIN) 238976
906 ## - LOCAL DATA ELEMENT F, LDF (RLIN)
a 0
b cbc
c premunv
d u
e ncip
f 19
g y-gencatlg
942 ## - ADDED ENTRY ELEMENTS (KOHA)
Source of classification or shelving scheme Dewey Decimal Classification
Koha item type Books
Holdings
Lost status Source of classification or shelving scheme Damaged status Not for loan Collection code Permanent Location Current Location Shelving location Date acquired Source of acquisition Total Checkouts Full call number Date last seen Copy number Koha item type
  Dewey Decimal Classification   Not For Loan Non-fiction Central Library, University of Rajshahi Central Library, University of Rajshahi Reading Room 13/02/1958 USIS Dhaka   784.2 CAO 1950 06/02/2020 C-1 Books